De-facto-Staaten - Sudden Death - Statistiken

Allgemein
  • Dieses Quiz wurde 142 mal gespielt
  • Das Durchschnittsergebnis liegt bei 3 aus 15
Answers on the Grid
Answers color-coded by a green-red scale on the quiz's grid according to % correct below.
Abchasien
Cookinseln
Curacao
El Salvador
Gibraltar
Grönland
Guam
Hongkong
Israel
Kampuchea
Kosovo
Krim
Kurdistan
Malediven
Monaco
Niue
Nordkorea
Nordzypern
Palästina
Puerto Rico
Singapur
Somaliland
Südkorea
Südossetien
Taiwan
Vatikanstadt
Venezuela
Volksrepublik China
Westsahara
Zypern
 
Antwortstatistiken
Antwort % Korrekt
Abchasien
41%
Cookinseln
40%
Palästina
27%
Kosovo
21%
Taiwan
21%
Westsahara
19%
Nordzypern
16%
Somaliland
16%
Israel
10%
Südossetien
10%
Volksrepublik China
10%
Zypern
9%
Niue
7%
Südkorea
6%
Nordkorea
4%
Keine übereinstimmenden Quizze gefunden
Verteilung der Resultate
Anzahl Personen mit jedem Resultat
Perzentil nach korrekt beantworteten Fragen
Ihre Resultats-Entwicklung
Sie haben dieses Quiz noch nicht gespielt